000 01180nam a22003497a 4500
003 CHAP
005 20220329140259.0
008 971013s1984 r 00010 d
010 _a49699
011 _a50671
035 _a54821
040 _cCHAP
082 _a634
_bS34
100 0 0 _aSalunkhe, D.K.
_9101847
245 _aPostharvest biotechnology of fruits
260 _aBoca Raton, Fla. :
_bCRC,
_c1984
300 _a2v
_b: ilus. ; gráfs.
590 _aBATCH-UPD
_b10
_c20130110
_lUCH01
_h0836
590 _aBATCH-UPD
_b10
_c20130410
_lUCH01
_h0514
590 _aBATCH-UPD
_b10
_c20130914
_lUCH01
_h1052
590 _aCONVERSION
_b10
_c20130109
_lUCH01
_h1327
650 1 4 _aCosechas
_xPérdidas de.
_928443
650 1 4 _aFruta
_xAlmacenamiento.
_943592
650 1 4 _aFruta
_xFisiología y morfología.
_943618
650 1 4 _aFruta
_xPreservación.
_943652
650 1 4 _aFruta
_xValor nutritivo.
_943664
650 1 4 _aFruticultura
_xTrópicos.
_943755
901 _aBK
942 _cLIBRO
949 _a634 S34
_bBC
_cLIBRO
_d33724000202602
_eLIBRO
_fv.2
_gI.136444
_h72029
_i54821
_si
_t77.00
949 _a634 S34
_bBC
_cLIBRO
_d33724000202610
_eLIBRO
_fv.1
_gI.136443
_h72028
_i54821
_si
_t85.10
999 _c49699
_d49699